Nennen Sie die drittgrößte Stadt - 1 - Statistiken

Allgemein
  • Dieses Quiz wurde 106 mal gespielt
  • Das Durchschnittsergebnis liegt bei 9 aus 20
Antwortstatistiken
Hint Antwort % Korrekt
Deutschland München
100%
Österreich Linz
82%
Spanien Valencia
82%
Schweiz Basel
81%
Schweden Malmö
67%
Türkei Izmir
63%
Australien Brisbane
53%
Südafrika Durban
46%
Bolivien La Paz
43%
Israel Haifa
42%
Bulgarien Warna
35%
Belgien Charleroi
29%
Kolumbien Cali
27%
Russland Nowosibirsk
25%
Vereinigte Arabische Emirate Abu Dhabi
22%
Argentinien Cordoba
20%
Tansania Dodoma
20%
Südkorea Incheon
17%
Griechenland Patras
13%
Portugal Vila Nova de Gaia
5%
Keine übereinstimmenden Quizze gefunden
Verteilung der Resultate
Anzahl Personen mit jedem Resultat
Perzentil nach korrekt beantworteten Fragen
Ihre Resultats-Entwicklung
Sie haben dieses Quiz noch nicht gespielt